Top 15 - Países más pequeños de Asia - Estadísticas

Estadísticas generales
  • Esta prueba ha sido intentada 129 veces
  • La puntuación promedio es 13 de 15
Estadísticas de respuestas
% Correcto
12 38394 km2 Butan
96%
3 760 km2 Barein
94%
4 5765 km2 Brunei
94%
7 11586 km2 Catar
93%
2 697 km2 Singapur
92%
9 17818 km2 Kuwait
90%
6 10400 km2 Libano
90%
11 29749 km2 Armenia
88%
10 20770 km2 Israel
88%
13 65610 km2 Sri Lanka
85%
14 69700 km2 Georgia
83%
1 298 km2 Maldivas
83%
8 14874 km2 Timor Oriental
81%
15 83600 km2 Emiratos Arabes Unidos
79%
5 9251 km2 Chipre
73%
No se encontraron pruebas coincidentes
Distribución de puntuación
Porcentaje de gente con cada puntuación
Porcentaje por número respondido
Historial de tus puntuaciones
No has intentado esta prueba.